000 00298nam a2200097Ia 4500
008 120527s9999 xx 000 0 und d
100 _aFREEMAN, H.Ade .et al
245 _aRole of credit in the update and productivity of improved dairy technologi
260 _bLivestock Policy Analysis
942 _cBK
999 _c25323
_d25323